000 01358nam0a2200373 4500
001 RU\NLR\bibl\1482139
005 20250616005836.0
010 _a978-5-91813-001-8
_9500
021 _aRU
_b2010-1639
_998
035 _aRSL-KNO-004570666
035 _a(NLR Aleph) 001473777
090 _a1660227
_c1660227
100 _a20100127d2009 |||y0rusy50 ca
101 0 _arus
102 _aRU
105 _ac zzzz|||||
200 1 _aВремя выбрало нас
_fВладимир Радул
210 _aОмск
_c[б. и.]
_d2009
215 _a159, [13] с.
_cил., портр.
_d22
327 1 _aВ кн. также : Биография автора и воспоминания его коллег
600 1 _aРадул
_bВ.В.
_f1949 - 2008
_gВладимир Владимирович
_92590150
_3RU\NLR\auth\661530731
686 _aЧ11г(2Р-4Ом)7д.Радул В.В.я44
_2rubbk
686 _a71.4(2Рос53-Ом)-8 Радул
_vLBC/RL
_2rubbk
686 _aТ3(2Р-4Ом)74-8
700 1 _aРадул
_bВ. В.
_f1949-2008
_gВладимир Владимирович
_4070
801 0 _aRU
_bRuMoRGB
_c20100127
_grcr
801 1 _aRU
_bRuMoRGB
_c20100127
801 2 _aRU
_bОмская ГОНБ
_c20100204
_2rusmarc
801 2 _aRU
_bNLR
_c20100309
_grcr
942 _cBOOK
980 _aNB
980 _aNBR